000 00274nam a22001337a 4500
082 _a823
_bBAN/C
100 _aBANERGEE
100 _aKHOSLA
245 _aCLASSIC TALES
260 _aNEW DELHI
_bARORA BOOK COMPANY
300 _a48/-
650 _aSTORY
_zINDIA
942 _cBK
999 _c7216
_d7216